Các định lí và bài tập hàm thực
Spremljeno u:
| Glavni autor: | |
|---|---|
| Format: | Knjiga |
| Jezik: | Undetermined |
| Izdano: |
Hà Nội
Giáo dục
1999
|
| Teme: | |
| Oznake: |
Dodaj oznaku
Bez oznaka, Budi prvi tko označuje ovaj zapis!
|
| Thư viện lưu trữ: | Trung tâm Học liệu Trường Đại học Cần Thơ |
|---|
| LEADER | 00553nam a2200181Ia 4500 | ||
|---|---|---|---|
| 001 | CTU_37319 | ||
| 008 | 210402s9999 xx 000 0 und d | ||
| 020 | |c 13400 | ||
| 082 | |a 515.8 | ||
| 082 | |b Đ312 | ||
| 100 | |a Nguyễn, Định | ||
| 245 | 0 | |a Các định lí và bài tập hàm thực | |
| 245 | 0 | |c Nguyễn Định (chủ biên), Nguyễn Ngọc Hải | |
| 260 | |a Hà Nội | ||
| 260 | |b Giáo dục | ||
| 260 | |c 1999 | ||
| 650 | |a functions of real variables | ||
| 980 | |a Trung tâm Học liệu Trường Đại học Cần Thơ | ||